movie character professions - Statistics

General Stats
  • This quiz has been taken 19 times
  • The average score is 8 of 15
Answer Stats
movie character actor profession % Correct
Black Swan Nina Sayers Natalie Portman Ballerina
100%
One Flew Over the Cuckoo's Nest Louise Fletcher Mildred Ratched Nurse
94%
Chinatown Jake Gittes Jack Nicholson Private Investigator
89%
Gravity Ryan Stone Sandra Bullock Astronaut
83%
Catch Me If You Can Carl Hanratty Tom Hanks FBI Agent
61%
The Sixth Sense Malcolm Crowe Bruce Willis Child Psychologist
50%
Tár Lydia Tár Cat Blanchett Conductor
50%
Singin' in the Rain Don Lockwood Gene Kelly Actor
44%
No Country for Old Men Anton Chigurh Javier Bardem Hitman
44%
Arrival Louise Banks Amy Adams Linguist
44%
Erin Brockovich Erin Brockovich Julia Roberts Paralegal
39%
The Thing Kurt Russell R. J. MacReady Helicopter Pilot
33%
The Grand Budapest Hotel Gustave H. Ralph Fiennes Concierge
28%
Rain Man Charlie Babbitt Tom Cruise Car Dealer
17%
Amélie Amélie Poulain Audrey Tautou Waitress
17%
No matching quizzes found
Score Distribution
Percent of People with Each Score
Percentile by Number Answered
Your Score History
You have not taken this quiz